Statystyki dla Najwyższe budynki świata - Kraj

Kliknij tutaj aby rozwiązać quiz!

Ogólne statystyki

  • Ten quiz został rozwiązany 278 razy
  • Średni wynik to 17 z 20

Statystyki odpowiedzi

WysokośćKraj% Poprawnych
423mUsa
94%
425mUsa
94%
541mUsa
94%
442mUsa
94%
828mZjednoczone emiraty arabskie
94%
450mChiny
93%
420mChiny
93%
438mChiny
93%
441mChiny
93%
415mChiny
93%
632mChiny
93%
484mChiny
93%
492mChiny
93%
530mChiny
93%
599mChiny
93%
601mArabia Saudyjska
74%
554mKorea południowa
58%
451mMalezja
46%
452mMalezja
46%
509mTajwan
46%

Rozkład punktacji

Percentyl według liczby udzielonych odpowiedzi

Procent ludzi z każdym wynikiem

Twoja historia wyników

Nie rozwiązałeś tego quizu